| 000 | 00000nas 2200000zi 4500 |
| 001 | 9.910183 |
| 003 | CaOODSP |
| 005 | 20250107130110 |
| 006 | m o d f |
| 007 | cr cn||||||||| |
| 008 | 220412c20229999oncar p o f0###a0eng|d |
| 022 | |a2816-9123 |
| 040 | |aCaOODSP|beng|erda|cCaOODSP |
| 043 | |an-cn--- |
| 086 | 1 |aHP37-39E-PDF |
| 222 | 0|aTick surveillance in Canada |
| 245 | 00|aTick surveillance in Canada : |bhighlights from the ... report on blacklegged and western ticks. |
| 264 | 1|a[Ottawa] : |bPublic Health Agency of Canada = Agence de la santé publique du Canada, |c[2022]- |
| 310 | |aAnnual |
| 336 | |atext|2rdacontent |
| 337 | |acomputer|2rdamedia |
| 338 | |aonline resource|2rdacarrier |
| 362 | 1 |aBegan with 2019. |
| 500 | |aIssued also in French under title: Surveillance des tiques au Canada. |
| 588 | |aDescription based on: 2019. |
| 588 | |aLatest issue consulted: 2019. |
| 650 | 0|aTicks as carriers of disease|zCanada|vPeriodicals. |
| 655 | 7|aPeriodicals|2lcgft |
| 710 | 2 |aPublic Health Agency of Canada, |eissuing body. |
| 775 | 08|tSurveillance des tiques au Canada : |w(CaOODSP)9.910184 |